000 00573cam a22002053a 4500
001 39432
003 PGUSA
005 20140828083857.0
008 120412s2012||||xxu|||||s|||||000 | eng d
040 _aPGUSA
_beng
042 _adc
100 1 _aTracy, Louis,
_d1863-1928
245 1 4 _aThe House 'Round the Corner
_h[electronic resource] /
_cLouis Tracy
260 _bProject Gutenberg,
_c2012
506 _aPublic domain in the USA.
516 _aElectronic text
830 0 _aProject Gutenberg
_v39432
856 4 0 _uhttp://www.gutenberg.org/ebooks/39432
942 _cEB
999 _c268685
_d268685